Statistics for Countries with Highest GDP A-Z

Click here to take the quiz!

General Stats

  • This quiz has been taken 47 times
  • The average score is 21 of 24

Answer Stats

LetterGDP (In million USD)Country% Correct
A1,397,870Australia
98%
C14,140,163China
98%
F2,707,074France
98%
Q191,849Qatar
95%
U21,439,453United States
95%
B1,847,020Brazil
93%
D347,176Denmark
93%
G3,863,344Germany
93%
R1,637,892Russia
93%
Y29,855Yemen
93%
I2,935,570India
91%
J5,154,475Japan
91%
O76,609Oman
91%
Z23,946Zambia
91%
V261,637Vietnam
88%
S1,629,532South Korea
81%
T743,708Turkey
81%
M1,274,175Mexico
79%
H170,407Hungary
77%
E302,256Egypt
74%
P565,854Poland
74%
K170,326Kazakhstan
70%
N902,355Netherlands
67%
L69,453Luxembourg
58%

Score Distribution

Percentile by Number Answered

Percent of People with Each Score

Your Score History

You have not taken this quiz